[Event "English Schools Championship Final 2024"]
[Site "Nottingham University Kings Meadow Campus, United Kingdom"]
[Date "2024.06.27"]
[Round "2.56"]
[White "Van Der Lande, Archie"]
[Black "Khan, Leo"]
[Result "1-0"]
[TimeControl "G50' + 10\" per move."]
[BlackFideId "343440711"]
[WhiteElo "1385"]
[BlackElo "1622"]

1. Nf3 d5 {[%emt 00:00:05]} 2. c4 {[%clk 00:50:11]} {[%emt 00:00:02]} c6 {[%clk
00:49:37]} {[%emt 00:00:43]} 3. d4 {[%clk 00:50:07]} {[%emt 00:00:15]} Nf6
{[%emt 00:01:13]} 4. Nc3 {[%clk 00:50:03]} Bg4 {[%clk 00:47:24]} {[%emt
00:01:32]} 5. Bf4 {[%clk 00:49:35]} {[%emt 00:00:38]} e6 {[%clk 00:46:41]}
{[%emt 00:00:53]} 6. e3 {[%clk 00:48:51]} {[%emt 00:00:54]} Bb4 {[%clk
00:45:33]} {[%emt 00:01:17]} 7. Qb3 {[%clk 00:47:50]} {[%emt 00:01:11]} Qb6
{[%clk 00:44:36]} {[%emt 00:01:08]} 8. a3 {[%clk 00:47:31]} {[%emt 00:00:29]}
Bxc3+ {[%clk 00:44:35]} {[%emt 00:00:11]} 9. Qxc3 {[%clk 00:47:18]} {[%emt
00:00:23]} Ne4 {[%clk 00:41:37]} {[%emt 00:03:07]} 10. Qc2 {[%clk 00:46:37]}
{[%emt 00:00:50]} Bf5 {[%clk 00:40:26]} {[%emt 00:01:23]} 11. Nh4 {[%clk
00:45:35]} {[%emt 00:01:12]} Bg6 {[%clk 00:37:11]} {[%emt 00:03:25]} 12. Nxg6
{[%clk 00:44:26]} {[%emt 00:01:19]} hxg6 {[%clk 00:37:09]} {[%emt 00:00:12]} 13.
f3 {[%clk 00:43:52]} {[%emt 00:00:42]} g5 {[%clk 00:35:57]} {[%emt 00:01:24]}
14. c5 {[%clk 00:42:59]} {[%emt 00:01:02]} Qd8 {[%clk 00:35:21]} {[%emt
00:00:47]} 15. Bxb8 {[%clk 00:41:14]} {[%emt 00:01:54]} Qxb8 {[%clk 00:31:39]}
{[%emt 00:03:53]} 16. fxe4 {[%clk 00:41:16]} {[%emt 00:00:08]} Rxh2 {[%clk
00:30:14]} {[%emt 00:01:35]} 17. Rxh2 {[%clk 00:41:14]} {[%emt 00:00:13]} Qxh2
{[%clk 00:30:19]} {[%emt 00:00:05]} 18. exd5 {[%clk 00:40:57]} {[%emt
00:00:26]} exd5 {[%clk 00:26:10]} {[%emt 00:04:18]} 19. Qf2 {[%clk 00:40:48]}
{[%emt 00:00:19]} f6 {[%clk 00:23:29]} {[%emt 00:02:52]} 20. O-O-O {[%clk
00:40:31]} {[%emt 00:00:26]} Kd7 {[%clk 00:22:30]} {[%emt 00:01:10]} 21. Bd3
{[%clk 00:39:49]} {[%emt 00:00:51]} Kc7 {[%clk 00:20:18]} {[%emt 00:02:23]} 22.
e4 {[%clk 00:39:32]} {[%emt 00:00:27]} Rd8 {[%clk 00:18:50]} {[%emt 00:01:38]}
23. exd5 {[%clk 00:38:40]} {[%emt 00:01:02]} Rxd5 {[%clk 00:18:34]} {[%emt
00:00:27]} 24. Be4 {[%clk 00:38:14]} {[%emt 00:00:31]} Rd7 {[%clk 00:17:32]}
{[%emt 00:01:15]} 25. d5 {[%clk 00:37:30]} {[%emt 00:00:54]} cxd5 {[%clk
00:17:03]} {[%emt 00:00:40]} 26. Bxd5 {[%clk 00:37:05]} {[%emt 00:00:35]} Qe5
{[%clk 00:16:05]} {[%emt 00:01:08]} 27. Bf3 {[%clk 00:36:33]} {[%emt 00:00:42]}
Rxd1+ {[%clk 00:14:26]} {[%emt 00:01:50]} 28. Kxd1 {[%clk 00:36:09]} {[%emt
00:00:33]} a6 {[%clk 00:12:57]} {[%emt 00:01:39]} 29. Kc1 {[%clk 00:34:30]}
{[%emt 00:01:49]} Qf4+ {[%clk 00:11:47]} {[%emt 00:01:21]} 30. Qd2 {[%clk
00:34:18]} {[%emt 00:00:22]} Qc4+ {[%clk 00:11:26]} {[%emt 00:00:30]} 31. Qc3
{[%clk 00:34:01]} {[%emt 00:00:27]} Qxc3+ {[%clk 00:10:44]} {[%emt 00:00:52]}
32. bxc3 {[%clk 00:34:02]} {[%emt 00:00:09]} b6 {[%clk 00:10:31]} {[%emt
00:00:24]} 33. c6 {[%clk 00:33:40]} {[%emt 00:00:32]} g4 {[%clk 00:09:33]}
{[%emt 00:01:08]} 34. Bxg4 {[%clk 00:33:37]} {[%emt 00:00:13]} Kxc6 {[%clk
00:09:34]} {[%emt 00:00:09]} 35. Kd2 {[%clk 00:33:00]} {[%emt 00:00:47]} Kc5
{[%clk 00:09:11]} {[%emt 00:00:32]} 36. Be6 {[%clk 00:32:51]} {[%emt 00:00:20]}
a5 {[%clk 00:08:44]} {[%emt 00:00:37]} 37. Ke3 {[%clk 00:32:42]} {[%emt
00:00:18]} b5 {[%clk 00:08:40]} {[%emt 00:00:14]} 38. Kf4 {[%clk 00:32:34]}
{[%emt 00:00:18]} Kd6 {[%clk 00:07:03]} {[%emt 00:01:47]} 39. Kf5 {[%clk
00:32:18]} {[%emt 00:00:26]} g6+ {[%clk 00:07:02]} {[%emt 00:00:12]} 40. Kxf6
{[%clk 00:32:13]} {[%emt 00:00:15]} g5 {[%clk 00:06:47]} {[%emt 00:00:24]} 41.
Bg4 {[%clk 00:31:55]} {[%emt 00:00:26]} Kc5 {[%clk 00:06:27]} {[%emt 00:00:32]}
42. Be2 {[%clk 00:31:46]} {[%emt 00:00:19]} g4 {[%clk 00:06:03]} {[%emt
00:00:35]} 43. Kf5 {[%clk 00:31:52]} {[%emt 00:00:04]} g3 {[%clk 00:05:57]}
{[%emt 00:00:16]} 44. Kf4 {[%clk 00:31:45]} {[%emt 00:00:17]} b4 {[%clk
00:05:51]} {[%emt 00:00:16]} 45. cxb4+ {[%clk 00:31:41]} {[%emt 00:00:13]} axb4
{[%clk 00:05:55]} {[%emt 00:00:07]} 46. axb4+ {[%clk 00:31:47]} {[%emt
00:00:03]} Kxb4 {[%clk 00:05:54]} {[%emt 00:00:11]} 47. Kxg3 {[%clk 00:31:49]}
{[%emt 00:00:09]} Kc5 {[%clk 00:05:48]} {[%emt 00:00:16]} 48. Kf4 {[%clk
00:31:44]} {[%emt 00:00:14]} Kd6 {[%clk 00:05:37]} {[%emt 00:00:22]} 49. g4
{[%clk 00:31:43]} {[%emt 00:00:11]} Ke7 {[%clk 00:05:23]} {[%emt 00:00:24]} 50.
Kg5 {[%clk 00:31:34]} {[%emt 00:00:19]} Kf7 {[%clk 00:04:51]} {[%emt 00:00:41]}
51. Kh6 {[%clk 00:31:33]} {[%emt 00:00:11]} Kg8 {[%clk 00:04:51]} {[%emt
00:00:11]} 52. g5 {[%clk 00:31:19]} {[%emt 00:00:23]} Kh8 {[%clk 00:04:47]}
{[%emt 00:00:15]} 53. g6 {[%clk 00:31:17]} {[%emt 00:00:11]} Kg8 {[%clk
00:04:52]} {[%emt 00:00:05]} 54. Bc4+ {[%clk 00:31:16]} {[%emt 00:00:12]} 1-0

[Event "English Schools Championship Final 2024"]
[Site "Nottingham University Kings Meadow Campus, United Kingdom"]
[Date "2024.06.27"]
[Round "2.57"]
[White "Howarth, Chevy"]
[Black "Ahmed, Bilal"]
[Result "1-0"]
[TimeControl "G50' + 10\" per move."]
[BlackFideId "474207"]
[WhiteElo "1611"]
[BlackElo "1736"]

1. e4 {[%clk 00:50:19]} {[%emt 00:00:01]} c5 {[%clk 00:50:17]} {[%emt
00:00:03]} 2. c3 {[%clk 00:50:23]} {[%emt 00:00:05]} d5 {[%clk 00:50:26]}
{[%emt 00:00:02]} 3. exd5 {[%clk 00:50:27]} {[%emt 00:00:05]} Qxd5 {[%emt
00:00:04]} 4. Nf3 {[%clk 00:49:44]} {[%emt 00:00:08]} Nc6 {[%clk 00:50:29]}
{[%emt 00:00:59]} 5. Na3 {[%clk 00:49:49]} {[%emt 00:00:06]} e6 {[%clk
00:49:24]} {[%emt 00:01:14]} 6. d4 {[%clk 00:49:41]} {[%emt 00:00:18]} cxd4
{[%clk 00:48:11]} {[%emt 00:01:23]} 7. Nb5 {[%clk 00:49:18]} {[%emt 00:00:33]}
Qd8 {[%clk 00:45:32]} {[%emt 00:02:49]} 8. Nfxd4 {[%clk 00:49:19]} {[%emt
00:00:08]} Nxd4 {[%clk 00:43:13]} {[%emt 00:02:30]} 9. Qxd4 {[%clk 00:49:16]}
{[%emt 00:00:13]} Bd7 {[%clk 00:42:21]} {[%emt 00:01:01]} 10. Bf4 {[%clk
00:48:40]} {[%emt 00:00:47]} Rc8 {[%clk 00:39:34]} {[%emt 00:02:57]} 11. O-O-O
{[%clk 00:47:58]} {[%emt 00:00:51]} Nf6 {[%clk 00:37:16]} {[%emt 00:02:28]} 12.
Bd6 {[%clk 00:45:41]} {[%emt 00:02:27]} Be7 {[%clk 00:35:34]} {[%emt 00:01:52]}
13. Bxe7 {[%clk 00:45:02]} {[%emt 00:00:31]} Qxe7 {[%clk 00:34:59]} {[%emt
00:01:04]} 14. Nd6+ {[%clk 00:44:54]} {[%emt 00:00:17]} Kf8 {[%clk 00:34:42]}
{[%emt 00:00:27]} 15. Nxc8 {[%clk 00:44:34]} {[%emt 00:00:23]} Bxc8 {[%clk
00:34:52]} 16. Qd8+ {[%clk 00:44:31]} {[%emt 00:00:21]} Qe8 {[%clk 00:34:22]}
{[%emt 00:00:39]} 17. Qxe8+ {[%clk 00:43:48]} {[%emt 00:00:52]} Kxe8 {[%clk
00:34:24]} {[%emt 00:00:10]} 18. Bb5+ {[%clk 00:43:38]} {[%emt 00:00:19]} Ke7
{[%clk 00:33:43]} {[%emt 00:00:52]} 19. f3 {[%clk 00:43:34]} {[%emt 00:00:13]}
a6 {[%clk 00:32:33]} {[%emt 00:01:20]} 20. Be2 {[%clk 00:43:07]} {[%emt
00:00:37]} Nd5 {[%clk 00:31:20]} {[%emt 00:01:24]} 21. g3 {[%clk 00:41:27]}
{[%emt 00:01:48]} b5 {[%clk 00:30:50]} {[%emt 00:00:41]} 22. Rhe1 {[%clk
00:40:57]} {[%emt 00:00:41]} Bb7 {[%clk 00:29:48]} {[%emt 00:01:12]} 23. f4
{[%clk 00:39:00]} {[%emt 00:02:06]} Kf6 {[%clk 00:28:37]} {[%emt 00:01:21]} 24.
Bf3 {[%clk 00:39:01]} {[%emt 00:00:09]} Rc8 {[%clk 00:26:33]} {[%emt 00:02:14]}
25. Bxd5 {[%clk 00:38:48]} {[%emt 00:00:23]} Bxd5 {[%clk 00:26:36]} {[%emt
00:00:07]} 26. a3 {[%clk 00:37:52]} {[%emt 00:01:06]} a5 {[%clk 00:25:32]}
{[%emt 00:01:15]} 27. Rd4 {[%clk 00:37:30]} {[%emt 00:00:30]} Rc7 {[%clk
00:24:29]} {[%emt 00:01:14]} 28. Re5 {[%clk 00:36:59]} {[%emt 00:00:41]} h6
{[%clk 00:23:32]} {[%emt 00:01:08]} 29. Kc2 {[%clk 00:36:47]} {[%emt 00:00:22]}
Rc8 {[%clk 00:23:00]} {[%emt 00:00:42]} 30. b4 {[%clk 00:36:13]} {[%emt
00:00:45]} a4 {[%clk 00:22:29]} {[%emt 00:00:40]} 31. Rdxd5 {[%clk 00:35:54]}
{[%emt 00:00:29]} exd5 {[%clk 00:22:23]} {[%emt 00:00:16]} 32. Rxd5 {[%clk
00:35:49]} {[%emt 00:00:14]} Rb8 {[%clk 00:21:54]} {[%emt 00:00:40]} 33. Kd3
{[%clk 00:35:49]} {[%emt 00:00:09]} Ke6 {[%clk 00:21:22]} {[%emt 00:00:42]} 34.
c4 {[%clk 00:35:06]} {[%emt 00:00:54]} bxc4+ {[%clk 00:20:49]} {[%emt
00:00:43]} 35. Kxc4 {[%clk 00:35:12]} {[%emt 00:00:03]} f5 {[%clk 00:18:21]}
{[%emt 00:02:38]} 36. h4 {[%clk 00:34:47]} {[%emt 00:00:36]} g6 {[%clk
00:17:44]} {[%emt 00:00:46]} 37. b5 {[%clk 00:34:48]} {[%emt 00:00:10]} Rg8
{[%clk 00:17:20]} {[%emt 00:00:33]} 38. b6 {[%clk 00:34:20]} {[%emt 00:00:37]}
g5 {[%clk 00:17:11]} {[%emt 00:00:21]} 39. hxg5 {[%clk 00:33:50]} {[%emt
00:00:40]} hxg5 {[%clk 00:17:13]} {[%emt 00:00:08]} 40. fxg5 {[%clk 00:33:13]}
{[%emt 00:00:47]} Rxg5 {[%clk 00:16:45]} {[%emt 00:00:38]} 41. b7 {[%clk
00:32:57]} {[%emt 00:00:26]} Rg8 {[%clk 00:16:50]} {[%emt 00:00:05]} 42. Rb5
{[%clk 00:31:59]} {[%emt 00:01:07]} Rb8 {[%clk 00:16:12]} {[%emt 00:00:48]} 43.
Kc5 {[%clk 00:32:01]} {[%emt 00:00:08]} Kd7 {[%clk 00:16:20]} {[%emt 00:00:03]}
44. Kb6 {[%clk 00:31:48]} {[%emt 00:00:24]} 1-0

[Event "English Schools Championship Final 2024"]
[Site "Nottingham University Kings Meadow Campus, United Kingdom"]
[Date "2024.06.27"]
[Round "2.58"]
[White "Jeevananth, Thuvaragan"]
[Black "Mupfiga, Thabiso"]
[Result "1-0"]
[TimeControl "G50' + 10\" per move."]
[WhiteElo "1780"]
[BlackElo "1455"]

1. c4 {[%clk 00:50:17]} {[%emt 00:00:01]} Nf6 {[%clk 00:50:04]} {[%emt
00:00:17]} 2. g3 {[%clk 00:50:21]} {[%emt 00:00:06]} g6 {[%clk 00:49:55]}
{[%emt 00:00:19]} 3. Bg2 {[%clk 00:50:26]} {[%emt 00:00:04]} Bg7 {[%clk
00:49:44]} {[%emt 00:00:22]} 4. e3 {[%clk 00:50:32]} {[%emt 00:00:04]} d6
{[%clk 00:48:40]} {[%emt 00:01:13]} 5. Ne2 {[%clk 00:50:29]} {[%emt 00:00:12]}
O-O {[%clk 00:48:10]} {[%emt 00:00:41]} 6. O-O {[%clk 00:50:36]} {[%emt
00:00:03]} c5 {[%clk 00:47:47]} {[%emt 00:00:33]} 7. Nbc3 {[%clk 00:50:44]}
{[%emt 00:00:02]} Nc6 {[%clk 00:46:18]} {[%emt 00:01:40]} 8. d4 {[%clk
00:49:53]} {[%emt 00:01:00]} cxd4 {[%clk 00:43:33]} {[%emt 00:02:56]} 9. exd4
{[%clk 00:49:41]} {[%emt 00:00:21]} Bf5 {[%clk 00:42:42]} {[%emt 00:01:02]} 10.
Bg5 {[%clk 00:47:57]} {[%emt 00:01:53]} Re8 {[%clk 00:40:20]} {[%emt 00:02:32]}
11. a3 {[%clk 00:46:47]} {[%emt 00:01:20]} a5 {[%clk 00:38:40]} {[%emt
00:01:51]} 12. Qd2 {[%clk 00:44:53]} {[%emt 00:02:03]} Qc7 {[%clk 00:37:23]}
{[%emt 00:01:28]} 13. Bxf6 {[%clk 00:42:21]} {[%emt 00:02:42]} Bxf6 {[%clk
00:37:06]} {[%emt 00:00:26]} 14. Nd5 {[%clk 00:42:20]} {[%emt 00:00:11]} Qd8
{[%clk 00:36:18]} {[%emt 00:00:58]} 15. Nxf6+ {[%clk 00:41:50]} {[%emt
00:00:40]} exf6 {[%clk 00:36:25]} {[%emt 00:00:03]} 16. Nc3 {[%clk 00:40:48]}
{[%emt 00:01:12]} Re7 {[%clk 00:34:02]} {[%emt 00:02:33]} 17. Nd5 {[%clk
00:40:09]} {[%emt 00:00:48]} Re6 {[%clk 00:32:37]} {[%emt 00:01:36]} 18. Ne3
{[%clk 00:39:50]} {[%emt 00:00:29]} Ne7 {[%clk 00:30:42]} {[%emt 00:02:06]} 19.
d5 {[%clk 00:38:22]} {[%emt 00:01:37]} Nxd5 {[%clk 00:26:52]} {[%emt 00:04:00]}
20. Bxd5 {[%clk 00:37:54]} {[%emt 00:00:38]} Re7 {[%clk 00:26:20]} {[%emt
00:00:42]} 21. Nxf5 {[%clk 00:37:50]} {[%emt 00:00:14]} gxf5 {[%clk 00:25:56]}
{[%emt 00:00:35]} 22. Rfe1 {[%clk 00:37:48]} {[%emt 00:00:12]} Rc7 {[%clk
00:25:10]} {[%emt 00:00:55]} 23. Qf4 {[%clk 00:37:02]} {[%emt 00:00:56]} Qd7
{[%clk 00:23:55]} {[%emt 00:01:26]} 24. Rad1 {[%clk 00:36:58]} {[%emt
00:00:13]} Ra6 {[%clk 00:21:51]} {[%emt 00:02:14]} 25. Qh6 {[%clk 00:35:56]}
{[%emt 00:01:12]} Qd8 {[%clk 00:20:26]} {[%emt 00:01:35]} 26. Rd4 {[%clk
00:35:45]} {[%emt 00:00:20]} Qf8 {[%clk 00:19:21]} {[%emt 00:01:16]} 27. Qxf6
{[%clk 00:35:43]} {[%emt 00:00:12]} Rc8 {[%clk 00:16:22]} {[%emt 00:03:09]} 28.
Qxf5 {[%emt 00:05:17]} 1-0

[Event "English Schools Championship Final 2024"]
[Site "Nottingham University Kings Meadow Campus, United Kingdom"]
[Date "2024.06.27"]
[Round "2.59"]
[White "Ragu, Sachin"]
[Black "White-Bower, Conor"]
[Result "1-0"]
[TimeControl "G50' + 10\" per move."]
[WhiteFideId "343441726"]
[WhiteElo "1542"]
[BlackElo "1587"]

1. e4 {[%clk 00:50:18]} {[%emt 00:00:02]} d5 {[%clk 00:50:19]} {[%emt
00:00:02]} 2. exd5 {[%clk 00:49:59]} {[%emt 00:00:06]} Qxd5 {[%clk 00:50:24]}
{[%emt 00:00:27]} 3. Nc3 {[%clk 00:50:05]} {[%emt 00:00:04]} Qa5 {[%clk
00:50:20]} {[%emt 00:00:14]} 4. Nf3 {[%clk 00:50:02]} {[%emt 00:00:13]} Bf5
{[%clk 00:50:13]} {[%emt 00:00:17]} 5. Be2 {[%clk 00:49:50]} {[%emt 00:00:22]}
Nf6 {[%clk 00:50:05]} {[%emt 00:00:17]} 6. d4 {[%clk 00:49:47]} {[%emt
00:00:14]} e6 {[%clk 00:50:03]} {[%emt 00:00:13]} 7. O-O {[%clk 00:49:43]}
{[%emt 00:00:13]} c6 {[%clk 00:49:51]} {[%emt 00:00:22]} 8. Nh4 {[%clk
00:49:08]} {[%emt 00:00:44]} Bg6 {[%clk 00:49:08]} {[%emt 00:00:53]} 9. a3
{[%clk 00:48:05]} {[%emt 00:01:14]} Nbd7 {[%clk 00:48:16]} {[%emt 00:01:01]} 10.
Nf3 {[%clk 00:47:24]} {[%emt 00:00:51]} O-O-O {[%clk 00:45:46]} {[%emt
00:02:41]} 11. Bf4 {[%clk 00:46:00]} {[%emt 00:01:33]} Qf5 {[%clk 00:44:01]}
{[%emt 00:01:55]} 12. Bg3 {[%clk 00:42:01]} {[%emt 00:04:09]} Qxc2 {[%clk
00:42:37]} {[%emt 00:01:34]} 13. Qxc2 {[%clk 00:41:50]} {[%emt 00:00:22]} Bxc2
{[%clk 00:42:36]} {[%emt 00:00:11]} 14. Rac1 {[%clk 00:38:59]} {[%emt
00:03:00]} Bb3 {[%clk 00:42:20]} {[%emt 00:00:26]} 15. Ng5 {[%clk 00:38:34]}
{[%emt 00:00:35]} e5 {[%clk 00:37:26]} {[%emt 00:05:04]} 16. dxe5 {[%clk
00:36:23]} {[%emt 00:02:21]} Ne8 {[%clk 00:37:16]} {[%emt 00:00:21]} 17. Nb5
{[%clk 00:31:32]} {[%emt 00:05:01]} Bc5 {[%clk 00:35:45]} {[%emt 00:01:40]} 18.
Bg4 {[%clk 00:30:52]} {[%emt 00:00:50]} Bb6 {[%clk 00:32:15]} {[%emt 00:03:41]}
19. e6 {[%clk 00:29:18]} {[%emt 00:01:44]} Bxe6 {[%clk 00:30:34]} {[%emt
00:01:51]} 20. Bxe6 {[%clk 00:29:07]} {[%emt 00:00:21]} fxe6 {[%clk 00:30:21]}
{[%emt 00:00:23]} 21. Nxe6 {[%clk 00:28:12]} {[%emt 00:01:05]} a6 {[%clk
00:28:41]} {[%emt 00:01:51]} 22. Nxd8 {[%clk 00:27:35]} {[%emt 00:00:46]} Kxd8
{[%clk 00:28:13]} {[%emt 00:00:36]} 23. Nd6 {[%clk 00:27:12]} {[%emt 00:00:34]}
Nxd6 {[%emt 00:01:24]} 24. Bxd6 {[%emt 00:00:06]} Kc8 {[%clk 00:25:48]} {[%emt
00:01:06]} 25. Rfe1 {[%clk 00:26:28]} {[%emt 00:00:53]} Nf6 {[%clk 00:23:43]}
{[%emt 00:02:15]} 26. Re7 {[%clk 00:24:32]} {[%emt 00:02:07]} Rg8 {[%clk
00:23:00]} {[%emt 00:00:52]} 27. Rf7 {[%clk 00:23:37]} {[%emt 00:01:05]} Bxf2+
{[%clk 00:21:30]} {[%emt 00:01:41]} 28. Kxf2 {[%clk 00:23:17]} {[%emt
00:00:29]} Ne4+ {[%clk 00:21:18]} {[%emt 00:00:22]} 29. Kg1 {[%clk 00:23:16]}
{[%emt 00:00:11]} Nxd6 {[%clk 00:21:15]} {[%emt 00:00:14]} 30. Re7 {[%clk
00:21:48]} {[%emt 00:01:37]} Kd8 {[%clk 00:20:49]} {[%emt 00:00:36]} 31. Rce1
{[%clk 00:21:49]} {[%emt 00:00:09]} h6 {[%clk 00:19:01]} {[%emt 00:01:58]} 32.
R1e6 {[%clk 00:21:06]} {[%emt 00:00:53]} h5 {[%clk 00:17:24]} {[%emt 00:01:48]}
33. Re1 {[%clk 00:18:14]} {[%emt 00:03:02]} g5 {[%clk 00:16:23]} {[%emt
00:01:11]} 34. R7e6 {[%clk 00:16:07]} {[%emt 00:02:17]} Kd7 {[%clk 00:15:54]}
{[%emt 00:00:39]} 35. Rh6 {[%clk 00:15:33]} {[%emt 00:00:44]} h4 {[%clk
00:15:17]} {[%emt 00:00:46]} 36. Rd1 {[%clk 00:15:34]} {[%emt 00:00:09]} 1-0

[Event "English Schools Championship Final 2024"]
[Site "Nottingham University Kings Meadow Campus, United Kingdom"]
[Date "2024.06.27"]
[Round "2.61"]
[White "Terim, Bartu"]
[Black "Misra, Advay"]
[Result "1-0"]
[TimeControl "G50' + 10\" per move."]
[WhiteFideId "51615614"]
[BlackFideId "343436161"]
[WhiteElo "1915"]
[BlackElo "1533"]

1. d4 {[%clk 00:50:17]} {[%emt 00:00:02]} Nf6 {[%clk 00:50:12]} {[%emt
00:00:09]} 2. Bf4 {[%clk 00:50:22]} {[%emt 00:00:05]} d5 {[%clk 00:50:15]}
{[%emt 00:00:07]} 3. Nf3 {[%clk 00:50:27]} {[%emt 00:00:06]} Bf5 {[%clk
00:50:15]} {[%emt 00:00:09]} 4. e3 {[%clk 00:50:31]} {[%emt 00:00:06]} e6
{[%clk 00:50:18]} {[%emt 00:00:07]} 5. c4 {[%clk 00:50:38]} {[%emt 00:00:05]}
c6 {[%clk 00:50:06]} {[%emt 00:00:21]} 6. Qb3 {[%clk 00:50:38]} {[%emt
00:00:09]} Qb6 {[%clk 00:50:01]} {[%emt 00:00:15]} 7. c5 {[%clk 00:50:47]}
{[%emt 00:00:01]} Qxb3 {[%clk 00:49:52]} {[%emt 00:00:18]} 8. axb3 {[%clk
00:50:56]} {[%emt 00:00:03]} Be7 {[%clk 00:49:01]} {[%emt 00:01:00]} 9. Nc3
{[%clk 00:50:54]} {[%emt 00:00:12]} Nbd7 {[%clk 00:48:44]} {[%emt 00:00:28]} 10.
b4 {[%clk 00:50:48]} {[%emt 00:00:16]} O-O {[%clk 00:47:33]} {[%emt 00:01:20]}
11. b5 {[%clk 00:50:42]} {[%emt 00:00:16]} Ne4 {[%clk 00:45:46]} {[%emt
00:01:57]} 12. bxc6 {[%clk 00:50:35]} {[%emt 00:00:18]} bxc6 {[%clk 00:45:32]}
{[%emt 00:00:24]} 13. Ba6 {[%clk 00:50:16]} {[%emt 00:00:28]} g5 {[%clk
00:44:19]} {[%emt 00:01:23]} 14. Bc7 {[%clk 00:49:53]} {[%emt 00:00:34]} Bd8
{[%clk 00:41:02]} {[%emt 00:03:27]} 15. Bxd8 {[%clk 00:49:45]} {[%emt
00:00:18]} Raxd8 {[%clk 00:39:53]} {[%emt 00:01:18]} 16. Nxe4 {[%clk 00:49:46]}
{[%emt 00:00:09]} g4 {[%clk 00:38:28]} {[%emt 00:01:36]} 17. Nd6 {[%clk
00:49:27]} {[%emt 00:00:29]} gxf3 {[%clk 00:37:36]} {[%emt 00:01:01]} 18. gxf3
{[%clk 00:49:28]} {[%emt 00:00:09]} Nb8 {[%clk 00:36:38]} {[%emt 00:01:08]} 19.
Rg1+ {[%clk 00:49:31]} {[%emt 00:00:08]} Bg6 {[%clk 00:35:10]} {[%emt
00:01:37]} 20. Bd3 {[%clk 00:49:38]} {[%emt 00:00:04]} Rd7 {[%clk 00:33:51]}
{[%emt 00:01:28]} 21. h4 {[%clk 00:49:44]} {[%emt 00:00:04]} Kh8 {[%clk
00:33:33]} {[%emt 00:00:28]} 22. Bxg6 {[%clk 00:49:50]} {[%emt 00:00:06]} hxg6
{[%clk 00:33:19]} {[%emt 00:00:22]} 23. Ke2 {[%clk 00:49:58]} {[%emt 00:00:02]}
a6 {[%clk 00:31:44]} {[%emt 00:01:45]} 24. h5 {[%clk 00:50:07]} {[%emt
00:00:01]} Rg8 {[%clk 00:30:24]} {[%emt 00:01:30]} 25. hxg6 {[%clk 00:50:09]}
{[%emt 00:00:09]} fxg6 {[%clk 00:29:25]} {[%emt 00:01:08]} 26. Rg4 {[%clk
00:50:12]} {[%emt 00:00:08]} Kg7 {[%clk 00:27:05]} {[%emt 00:02:29]} 27. Rag1
{[%clk 00:50:17]} {[%emt 00:00:05]} Kf6 {[%clk 00:27:08]} {[%emt 00:00:07]} 28.
e4 {[%clk 00:50:24]} {[%emt 00:00:03]} Rdg7 {[%clk 00:26:10]} {[%emt 00:01:08]}
29. Rg5 {[%clk 00:50:09]} {[%emt 00:00:25]} Nd7 {[%clk 00:24:35]} {[%emt
00:01:45]} 30. e5+ {[%clk 00:50:04]} {[%emt 00:00:15]} Ke7 {[%clk 00:24:35]}
{[%emt 00:00:08]} 31. Ra1 {[%clk 00:50:10]} {[%emt 00:00:07]} Ra8 {[%clk
00:23:17]} {[%emt 00:01:27]} 32. f4 {[%clk 00:50:18]} {[%emt 00:00:03]} Rgg8
{[%clk 00:22:13]} {[%emt 00:01:14]} 33. Rag1 {[%clk 00:50:13]} {[%emt
00:00:14]} Rab8 {[%clk 00:21:54]} {[%emt 00:00:29]} 34. Rb1 {[%clk 00:50:10]}
{[%emt 00:00:13]} Rb3 {[%clk 00:20:48]} {[%emt 00:01:16]} 35. f5 {[%clk
00:48:55]} {[%emt 00:01:25]} Nf8 {[%clk 00:19:18]} {[%emt 00:01:41]} 36. f6+
{[%clk 00:48:19]} {[%emt 00:00:46]} Kd7 {[%clk 00:19:13]} {[%emt 00:00:14]} 37.
Rg3 {[%clk 00:48:15]} {[%emt 00:00:14]} Rb4 {[%clk 00:18:04]} {[%emt 00:01:19]}
38. Ra3 {[%clk 00:47:56]} {[%emt 00:00:29]} Nh7 {[%clk 00:15:48]} {[%emt
00:02:26]} 39. Rxa6 {[%clk 00:47:48]} {[%emt 00:00:18]} Ng5 {[%clk 00:15:47]}
{[%emt 00:00:12]} 40. Ra7+ {[%clk 00:47:53]} {[%emt 00:00:05]} Kd8 {[%clk
00:15:49]} {[%emt 00:00:08]} 41. Ra8+ {[%clk 00:47:37]} {[%emt 00:00:26]} 1-0